[Event "TUR-ch U13-U18"]
[Site "Antalya"]
[Date "2020.01.24"]
[Round "10"]
[White "Salli, Muhammed Enes"]
[Black "Bayrakcioglu, Mehmet Berat"]
[Result "1-0"]
[WhiteElo "1208"]
[BlackElo "1198"]
[PlyCount "77"]
[EventDate "2020.01.19"]
[EventType "swiss"]
[EventRounds "11"]
[EventCountry "TUR"]
[SourceTitle "CBM 195 Extra"]
[Source "ChessBase"]
[SourceDate "2020.05.31"]
[SourceVersion "1"]
[SourceVersionDate "2020.05.31"]
[SourceQuality "1"]

1. e4 e5 2. Nf3 Nc6 3. d4 exd4 4. Bc4 Nf6 5. 0-0 Bc5 6. e5 d5 7. exf6 dxc4 8. fxg7 Rg8 9. Re1+ Be6 10. Bg5 Be7 11. Bxe7 Qxe7 12. Nbd2 0-0-0 13. Nxc4 Qf6 14. Ncd2 Rxg7 15. Ne4 Qf4 16. Ng3 Bg4 17. Re4 Qf6 18. Qe2 Bxf3 19. gxf3 h5 20. Kh1 Qg6 21. h4 Rf8 22. Re1 Rgg8 23. Qb5 Rh8 24. a3 a6 25. Qc5 Qh6 26. b4 Qd2 27. Kg2 Rhg8 28. R1e2 Qc1 29. a4 f5 30. Re6 f4 31. b5 axb5 32. axb5 Nb8 33. Re7 Nd7 34. Rxd7 c6 35. bxc6 Kb8 36. Qd6+ Ka7 37. Qxd4+ Kb8 38. Rxb7+ Ka8 39. Qa7# 1-0